000 00788nam a22002657a 4500
001 BR8700876
003 BR-BrBNA
005 20230928092400.0
007 ta
008 230509b bl.||||| |||| 00| 0 por d
040 _aBR-BrBNA
_bpor
_cBiblioteca Nacional de Agricultura
041 _a(Por)
072 _aF50
_b/G514
090 _ F50 BR8700876
100 1 _aMoraes, J.C. de
110 1 _aEscola de Agronomia do Nordeste, Areia, PB (Brasil)
_94297
245 1 _aAnotacoes de botanica sistematicas; (2. parte)
260 3 _aAreia, PB (Brasil):
_c[nd].
300 _a227 p.
500 _a(*) Documento disponível no(a) UFPB, Areia, PB (Brazil). Centro de Ciencias Agrarias
650 _aBOTANICA
650 _aPARAIBA
909 _a202309
_bLucia
_c55
_dLucia Elande
942 _cBK
999 _c38704
_d38704